Analýza zmien živnostenského zákona

Podstata zmeny živnostenského zákona. Stručná informácia o najvýznamnejších zmenách, ktoré nastali od septembra 2007 v oblasti živnostenského zákona.

Gespeichert in:
Bibliographische Detailangaben
1. Verfasser: Strážovská, Ľubomíra
Format: Buchkapitel
Sprache:Slowakisch
Schlagworte:
Tags: Tag hinzufügen
Keine Tags, Fügen Sie das erste Tag hinzu!

MARC

LEADER 00000naa$a2200000$$$4500
001 0064074
005 20231005085920.4
041 0 |a slo 
044 |a SK 
245 1 0 |a Analýza zmien živnostenského zákona  |c Ľubomíra Strážovská 
520 |a Podstata zmeny živnostenského zákona. Stručná informácia o najvýznamnejších zmenách, ktoré nastali od septembra 2007 v oblasti živnostenského zákona. 
610 2 0 |a živnosti 
610 2 0 |a živnostníci 
610 2 0 |a podnikanie živnostenské 
610 2 0 |a úpravy právne 
610 2 0 |a Slovensko 
100 1 |a Strážovská, Ľubomíra